Demografická příručka 2004 = Czech demographic handbook 2004 /

Other Authors: Růžková, Jiřina, 1940-
Language: Czech
Published: Praha : Český statistický úřad, 2004
Physical Description: 373 s. : barev. mapy ; 30 cm
Book
Saved in:
LEADER 01370nam a2200361 a 4500
001 000770733
003 CZ BrMZK
005 20050526183129.0
007 ta
008 050415s2004 xr b frs 000 0 cze d
015 |a cnb001529001 
020 |a 80-250-0955-6  |q (váz.) 
035 |a (OCoLC)85152102 
040 |a BOA001  |b cze 
043 |a e-xr--- 
072 7 |a 314  |x Demografie. Populace  |2 Konspekt  |9 18 
080 |a 314  |2 MRF 
080 |a 314.116  |2 MRF 
080 |a (437.3)  |2 MRF 
080 |a (083.41)  |2 MRF 
245 0 0 |a Demografická příručka 2004 =  |b Czech demographic handbook 2004 /  |c [zpracoval autorský kolektiv odboru statistiky vývoje obyvatelstva Českého statistického úřadu ve složení: Jiřina Růžková (vedoucí autorského kolektivu) ... et al.] 
246 3 1 |a Czech demographic handbook 2004 
246 1 8 |a Demografická příručka 
260 |a Praha :  |b Český statistický úřad,  |c 2004 
300 |a 373 s. :  |b barev. mapy ;  |c 30 cm 
650 0 7 |a demografie  |7 ph117181  |z Česko  |2 czenas 
650 0 7 |a demografický vývoj  |7 ph119369  |z Česko  |2 czenas 
655 7 |a statistiky  |7 fd133589  |2 czenas 
700 1 |a Růžková, Jiřina,  |d 1940-  |7 mzk2005279344  |4 com 
910 |a BOA001  |b 4-1151.305 
990 |a BK 
991 |b 200505  |c NOV 
996 6 |b 2610248631  |c 4-1151.305  |l MZK  |r Sklad / do 1 hodiny  |n 0  |p p.v.  |w 000770733  |u 000010  |a 1  |e BOA001  |j MZK50  |s P